000 02558nam0a2200421 4500
001 RU\NLR\bibl\1699500
005 20260406083414.0
010 _a978-5-91134-451-1
_91000
021 _aRU
_b2010-78899
_95260
035 _a(nilc)IZD\INFRA\2007\134150.01.01
035 _a(NLR Aleph) 001690585
090 _a1158243
_c1158243
100 _a20100719d2010 |||y0rusy50 ca
101 0 _arus
102 _aRU
105 _aa |||||||||
200 1 _aТурбо-анализ банка
_dTurbo-analysis of the Bank
_eдля подготовки экономистов по специальностям: "Финансы и кредит", "Налоги и налогообложение", "Бухгалтерский учет, анализ и аудит", бакалавров и магистров по направлениям "Экономика" и "Менеджмент"
_fЕ.Б. Герасимова
_zeng
210 _aМосква
_cФорум
_d2010
215 _a383 с.
_cил.
_d21
225 1 _aВысшее образование
300 _aАвт. также на англ. яз.: Elena B. Gerasimova
320 _aБиблиогр.: с. 316-335
330 _aВ книге рассматривается новый подход к проведению анализа деятельности организации - турбулентный, который направлен на изучение причин возникновения неопределенности (т.е. турбулентности) в бизнес-процессах организации, выявление возможностей (резервов)
510 1 _6z45790
_aTurbo-analysis of the Bank
_zeng
606 1 _aБанки
_jУчебные издания для высших учебных заведений
_xАнализ хозяйственной деятельности
_91100072
_3RU\NLR\auth\66113505
686 _a00921
_aБанковское дело
_2TCC-BG
686 _a65.053.526.210я73
_vLBC/M
_2rubbk
686 _aУ26(2)210-24я73
700 1 _4070
_8rus
_7ca
_aГерасимова
_bЕ. Б.
_cд-р экон. наук
_gЕлена Борисовна
_3RU\NLR\auth\7750000
_932935
790 1 _6z45510
_aGerasimova
_bE. B.
_gElena Borisovna
_4070
801 0 _aRU
_bЛИБНЕТ
_c20100719
_gRCR
801 1 _aRU
_bЛИБНЕТ
_c20100719
801 2 _aRU
_bВладимирская ОУНБ
_c20100806
_2rusmarc
801 2 _aRU
_bNLR
_c20101113
_grcr
830 _aCODE_OF_LIBNET\000053600
942 _cBOOK
980 _aNB